Kịch

محفوظ في:
التفاصيل البيبلوغرافية
المؤلف الرئيسي: Nguyễn Đình Thi (Tác giả)
التنسيق: كتاب
اللغة:Vietnamese
منشور في: H. Văn học 2001
سلاسل:Tuyển tác phẩm Văn học
الموضوعات:
الوسوم: إضافة وسم
لا توجد وسوم, كن أول من يضع وسما على هذه التسجيلة!
Thư viện lưu trữ: Mạng thư viện Đại học Đà Nẵng
LEADER 01122nam a2200361 4500
001 000005874
003 2027
005 20120409090412.0
008 110823s2001 viesd
020 |c 105000đ 
041 0 |a vie 
082 |a 895.9222  |b NG-T 
100 0 |a Nguyễn Đình Thi 
245 0 |a Kịch  |c Nguyễn Đình Thi 
260 |a H.  |b Văn học  |c 2001 
300 |a 683 tr  |c 19 cm 
490 |a Tuyển tác phẩm Văn học 
653 |a Văn học hiện đại 
653 |a Việt Nam 
653 |a Kịch 
653 |a Tác phẩm 
700 |a Nguyễn Đình Thi  |e Tác giả 
910 |a Nguyễn Thị Kim Oanh  |d 23/08/2011 
OWN |a LSP 
AVA |a UDN50  |b LSP  |d 895.9222 NG-T  |e available  |t Error 5001 Not defined in file expand_doc_bib_avail.  |f 10  |g 0  |h N  |i 0  |k 1 
999 |a From the UDN01 
AVA |a UDN50  |b LSP  |d 895.9222 NG-T  |e available  |t Error 5001 Not defined in file expand_doc_bib_avail.  |f 10  |g 0  |h N  |i 0  |k 1 
TYP |a Monograph 
TYP |a Printed language 
980 |a Mạng thư viện Đại học Đà Nẵng